Vysoké školy a ďalšie vzdelávanie v roku 2002
Prehľad vysokých škôl a ďalšieho vzdelávania v roku 2002, Podiel jednotlivých typov vzdelávacích ustanovizní na počte účastníkov ďalšieho vzdelávania. Zdroje financovania. Počet vzdelávaných.
Salvato in:
| Autore principale: | |
|---|---|
| Natura: | Capitolo di libro |
| Lingua: | slovacco |
| Soggetti: | |
| Tags: |
Nessun Tag, puoi essere il primo ad aggiungerne!!
|
MARC
| LEADER | 00000naa$a2200000$$$4500 | ||
|---|---|---|---|
| 001 | 0002854 | ||
| 005 | 20240502071346.7 | ||
| 041 | 0 | |a slo | |
| 044 | |a SK | ||
| 245 | 1 | 0 | |a Vysoké školy a ďalšie vzdelávanie v roku 2002 |c aut. Janette Brixová |
| 520 | |a Prehľad vysokých škôl a ďalšieho vzdelávania v roku 2002, Podiel jednotlivých typov vzdelávacích ustanovizní na počte účastníkov ďalšieho vzdelávania. Zdroje financovania. Počet vzdelávaných. | ||
| 610 | 2 | 0 | |a školy vysoké |
| 610 | 2 | 0 | |a vzdelávanie ďalšie |
| 610 | 2 | 0 | |a zdroje finančné |
| 610 | 2 | 0 | |a ukazovatele štatistické |
| 610 | 2 | 0 | |a Slovensko |
| 610 | 2 | 0 | |a 2002 |
| 100 | 1 | |a Brixová, Janette | |